Statistics for Madison Beer Discography

Click here to take the quiz!

General Stats

  • This quiz has been taken 71 times
  • The average score is 46 of 62

Answer Stats

HintAnswer% Correct
12Reckless
98%
3Envy the Leaves
95%
5Ryder
95%
417
93%
13Baby
93%
13Silence Between Songs
93%
2Baby (Jonas Blue Remix)
90%
3Baby (Son Cole Remix)
90%
4Follow The White Rabbit
90%
1Spinnin
90%
10Home To Another One
88%
2Home To Another One (Acoustic)
88%
1Home To Another One (Timbaland Remix)
88%
14King Of Everything
88%
2Sweet Relief
88%
7Blue
83%
11Dangerous
83%
7I Wonder
83%
12BOYSHIT
81%
1Dead
81%
9Dead (Acoustic)
81%
10Selfish
81%
4Selfish (Alan Walker Remix)
81%
1The Beginning
81%
8At Your Worst
79%
2Good In Goodbye
79%
9Homesick
79%
14Stained Glass
79%
15Emotional Bruises
76%
17Channel Surfing / The End
74%
3Default
74%
6Nothing Matters But You
74%
9Showed Me (How I Fell In Love With You)
74%
6Teenager in Love
74%
6Stay Numb And Carry On
71%
4Tyler Durden
71%
6Dear Society
69%
16Everything Happens For A Reason
69%
2Fools
69%
7Hurts Like Hell (Acoustic Live)
69%
5Hurts Like Hell (Feenixpawl Remix)
69%
8Interlude
69%
13Melodies
69%
3HeartLess
67%
5Home with You
64%
6Home with You (Alphalove Remix)
64%
7Home with You (Blue-Ray & Tone Terra Remix)
64%
7Say It to My Face
64%
9Say It to My Face (The Wideboys Remix Club Edit)
64%
10Say It to My Face (The Wideboys Remix Dub)
64%
8Say It to My Face (The Wideboys Remix Radio Edit)
64%
11Sour Times
64%
5Effortlessly
62%
2Carried Away (Love To Love)
52%
11All for Love
50%
8POP/STARS
50%
4MORE
48%
5All Day and Night
45%
12Unbreakable
45%
3I Have Never Felt More Alive
43%
10Something Sweet
43%
11Something Sweet (Exit Friendzone Remix)
43%

Score Distribution

Percentile by Number Answered

Percent of People with Each Score

Your Score History

You have not taken this quiz